LIBRARY ONLINE CATALOGUE

Tourism Economics (Record no. 17658)

MARC details
000 -LEADER
fixed length control field 00357nam a22001337a 4500
008 - FIXED-LENGTH DATA ELEMENTS--GENERAL INFORMATION
fixed length control field 190517b xxu||||| |||| 00| 0 eng d
020 ## - INTERNATIONAL STANDARD BOOK NUMBER
International Standard Book Number 0471578840
050 ## - LIBRARY OF CONGRESS CALL NUMBER
Classification number G155
Item number .L86 1995 c.1
100 ## - MAIN ENTRY--PERSONAL NAME
Personal name Lundbrg, Donald E.
245 ## - TITLE STATEMENT
Title Tourism Economics
Statement of responsibility, etc. Donald E. Lundberg
260 ## - PUBLICATION, DISTRIBUTION, ETC. (IMPRINT)
Place of publication, distribution, etc. New York
Name of publisher, distributor, etc. John Wiley
Date of publication, distribution, etc. 1995
300 ## - PHYSICAL DESCRIPTION
Extent x, 195p.
942 ## - ADDED ENTRY ELEMENTS (KOHA)
Source of classification or shelving scheme Library of Congress Classification
Koha item type General Collection
Holdings
Withdrawn status Lost status Source of classification or shelving scheme Not for loan Home library Current library Date acquired Cost, normal purchase price Total Checkouts Full call number Barcode Date last seen Price effective from Koha item type
    Library of Congress Classification   Kabarak, Main Campus Kabarak, Main Campus 17/05/2019 2750.00   G155 .L86 1995 c.1 022426 17/05/2019 17/05/2019 General Collection